Modification of numicon materials as a learning tool for children with down syndrome / (Record no. 80455)

MARC details
000 -LEADER
fixed length control field 01747nam a22003137a 4500
003 - CONTROL NUMBER IDENTIFIER
control field URS
005 - DATE AND TIME OF LATEST TRANSACTION
control field 20240606211123.0
008 - FIXED-LENGTH DATA ELEMENTS--GENERAL INFORMATION
fixed length control field 240515b |||||||| |||| 00| 0 eng d
050 ## - LIBRARY OF CONGRESS CALL NUMBER
Classification number BEED
Item number A875 2014
245 10 - TITLE STATEMENT
Title Modification of numicon materials as a learning tool for children with down syndrome /
Statement of responsibility, etc. Aspiras, Angela Rose N., [and three others].
260 #1 - PUBLICATION, DISTRIBUTION, ETC.
Date of publication, distribution, etc. [2014]
300 ## - PHYSICAL DESCRIPTION
Extent x, 56 leaves :
Other physical details color illustrations ;
Dimensions 28 cm
336 ## - CONTENT TYPE
Source rdacontent
Content type term text
337 ## - MEDIA TYPE
Source rdamedia
Media type term unmediated
338 ## - CARRIER TYPE
Source rdacarrier
Carrier type term volume
500 ## - GENERAL NOTE
General note Undergraduate thesis (Elementary Education) - University of Rizal System, Cainta 2014
504 ## - BIBLIOGRAPHY, ETC. NOTE
Bibliography, etc. note Includes bibliographical references.
520 ## - SUMMARY, ETC.
Summary, etc. "This study focused on the Modification of Numicon Materials as a Learning Tool for Children with Down Syndrome in Sta. Ana SPED Center during the School Year 2013 - 2014 wherein the researchers selected ten (10) teachers as the respondents of the study." -- Abstract
524 ## - PREFERRED CITATION OF DESCRIBED MATERIALS NOTE
Preferred citation of described materials note Aspiras, A. R. N., [and three others]. (2014). Modification of numicon materials as a learning tool for children with down syndrome. University of Rizal System.
546 ## - LANGUAGE NOTE
Language note In English text.
650 #0 - SUBJECT ADDED ENTRY--TOPICAL TERM
Topical term or geographic name entry element Elementary Education
Form subdivision Thesis, Academic.
700 1# - ADDED ENTRY--PERSONAL NAME
Personal name Aspiras, Angela Rose N.,
Relator term researcher.
700 1# - ADDED ENTRY--PERSONAL NAME
Personal name Del Rosario, Dyan V.,
Relator term researcher.
700 1# - ADDED ENTRY--PERSONAL NAME
Personal name Lara, Diana Rose T.,
Relator term researcher.
700 1# - ADDED ENTRY--PERSONAL NAME
Personal name Lopez, Emily Jean R.,
Relator term researcher.
856 ## - ELECTRONIC LOCATION AND ACCESS
Materials specified Online Request for Student Unpublished Works
Uniform Resource Identifier <a href="https://docs.google.com/forms/d/e/1FAIpQLSdtj_eCncT3hgTIbOB8g-3uMYPTK14UGxs8cj-GqWFJPmnTLA/viewform">https://docs.google.com/forms/d/e/1FAIpQLSdtj_eCncT3hgTIbOB8g-3uMYPTK14UGxs8cj-GqWFJPmnTLA/viewform</a>
856 ## - ELECTRONIC LOCATION AND ACCESS
Materials specified Click here to access online
Uniform Resource Identifier <a href="https://drive.google.com/file/d/1Y1MlA1F3IjTusYykZ7XoCWC5EPVX1Ke7/view?usp=sharing">https://drive.google.com/file/d/1Y1MlA1F3IjTusYykZ7XoCWC5EPVX1Ke7/view?usp=sharing</a>
942 ## - ADDED ENTRY ELEMENTS (KOHA)
Source of classification or shelving scheme Library of Congress Classification
Koha item type Theses and dissertations
Holdings
Withdrawn status Source of classification or shelving scheme Damaged status Not for loan Collection code Home library Current library Shelving location Date acquired Source of acquisition Total Checkouts Full call number Barcode Date last seen Copy number Price effective from Koha item type
  Library of Congress Classification     Non-fiction Cainta College Library Cainta College Library Undergraduate Theses 05/15/2024 Donation   BEED A875 2014 URSCAI-UGT0413 05/15/2024 c.1 05/15/2024 Theses and dissertations

University of Rizal System
Email us at univlibservices@urs.edu.ph

Visit our Website www.urs.edu.ph/library